Odgadnij kadrę po numerach - Hiszpania - Statystyki

Ogólne statystyki
  • Ten quiz został rozwiązany 9 razy
  • Średni wynik to 4 z 26
Statystyki odpowiedzi
Numer na EURO Piłkarz % Poprawnych
19 Lamine Yamal
86%
1 David Raya
43%
7 Alvaro Morata
29%
6 Mikel Merino
29%
23 Unai Simon
29%
2 Dani Carvajal
14%
10 Dani Olmo
14%
8 Fabian Ruiz
14%
25 Fermin Lopez
14%
11 Ferran Torres
14%
22 Jesus Navas
14%
24 Marc Cucurella
14%
18 Martin Zubimendi
14%
21 Mikel Oyarzabal
14%
4 Nacho Fernandez
14%
17 Nico Williams
14%
20 Pedri
14%
3 Robin Le Normand
14%
16 Rodri
14%
12 Alejandro Grimaldo
0%
15 Alex Baena
0%
13 Alex Remiro
0%
14 Aymeric Laporte
0%
26 Ayoze Perez
0%
5 Dani Vivian
0%
9 Joselu
0%
Nie znaleziono quizów pasujących do podanych kryteriów
Rozkład punktacji
Procent ludzi z każdym wynikiem
Percentyl według liczby udzielonych odpowiedzi
Twoja historia wyników
Nie rozwiązałeś tego quizu